00730cam a22002291 450000100060000000300080000600500170001400800410003103500190007204000230009104100080011408200200012210000280014224500820017025000120025226000390026430000340030335000100033765000320034765000300037971000910040946564BD-RjUL20211209054154.0710915s1968 pk k 000 0 eng  a(BD-RjUL)46683 aDLCcDLCdDLCbeng aeng00a347.2bCHB 19681 aChowdhury, Obaidul Huq.14aThe Bengal public demands recovery act (III of 1913) /cObaidul Huq Chowdhury a1st ed. aDacca :bDacca Law Reports c1968. axxv, 300 p. :bill. ;c25 cm. a15.00 0aForeclosurezIndiazBengal. 0aMortgageszIndiazBengal.12aBengal (India).kLaws, statutes, etc.tBengal public demands recovery act, 1913. 1968.